| 000 | 00648nam a2200217Ia 4500 | ||
|---|---|---|---|
| 001 | 14720 | ||
| 003 | GE_BSU | ||
| 008 | 181216s||||||||xx |||||||||||||| ||und|| | ||
| 040 | _cGE_BSU | ||
| 080 | _a624.04(075.8) | ||
| 100 | _aСмирнов,В.А. Иванов,С.А. Тихонов,М.А. | ||
| 245 | _aСтроительная механика. | ||
| 245 | _bУчебник для вузов. | ||
| 245 | _cПод ред. В.А.Смирнова. | ||
| 260 | _aМ. | ||
| 260 | _bСтройиздат. | ||
| 260 | _c1984. | ||
| 300 | _a208 стр. с илл. 24 см. | ||
| 653 | _aСтроительная механика. | ||
| 942 | _cBK | ||
| 999 |
_c47846 _d47846 |
||